Tagebuch des Gefangenen
| 1. VerfasserIn: | |
|---|---|
| Medienart: | Druck Buch |
| Sprache: | Deutsch |
| Veröffentlicht: |
Dresden
Heyne
1938
|
| In: | Jahr: 1938 |
| Bestand in Tübingen: | In Tübingen vorhanden. UB: Dk XI 4965 b |
| Bestand in Albert-Krebs Bibliothek: | NG.80.019 2002-121 |
| Verfügbarkeit prüfen: | HBZ Gateway |
| Subito Bestelldienst: | Jetzt bestellen. |
| Schlagwörter: |
MARC
| LEADER | 00000cam a2200000 c 4500 | ||
|---|---|---|---|
| 001 | 117530610X | ||
| 003 | DE-627 | ||
| 005 | 20260206195431.0 | ||
| 007 | tu | ||
| 008 | 030530s1938 xx ||||| 00| ||ger c | ||
| 035 | |a (DE-627)117530610X | ||
| 035 | |a (DE-603)111806305 | ||
| 035 | |a (DE-576)10530610X | ||
| 035 | |a (DE-599)BSZ10530610X | ||
| 035 | |a (OCoLC)72060750 | ||
| 040 | |a DE-627 |b ger |c DE-627 |e rakwb | ||
| 041 | |a ger | ||
| 084 | |a 2,1 |2 ssgn | ||
| 100 | 1 | |a Hoche, Alfred |d 1865-1943 |0 (DE-588)118705334 |0 (DE-627)133842444 |0 (DE-576)161442021 |4 aut | |
| 109 | |a Hoche, Alfred 1865-1943 |a Hoche, A. 1865-1943 |a Hoche, Alfred E. 1865-1943 |a Hoche, Alfred Erich 1865-1943 |a Hoche, A. E. 1865-1943 |a Erich, Alfred 1865-1943 |a Hoche, A.E. 1865-1943 | ||
| 245 | 1 | 0 | |a Tagebuch des Gefangenen |c Alfred E. Hoche |
| 264 | 1 | |a Dresden |b Heyne |c 1938 | |
| 300 | |a 246 S. | ||
| 336 | |a Text |b txt |2 rdacontent | ||
| 337 | |a ohne Hilfsmittel zu benutzen |b n |2 rdamedia | ||
| 338 | |a Band |b nc |2 rdacarrier | ||
| 500 | |a In Fraktur | ||
| 583 | 1 | |a Archivierung/Langzeitarchivierung gewährleistet |f SSG |x XA-DE-BW |2 pdager |5 DE-21 | |
| 583 | 1 | |a Massenentsäuert |c 2013 |2 pdager |5 DE-15 | |
| 650 | 4 | |a Strafgefangener |x Erfahrungsbericht |7 (dpeaa)DE-2619 | |
| 935 | |a mkri | ||
| 935 | |h HEB |i 0501 | ||
| 935 | |h HEB |i 0503 | ||
| 951 | |a BO | ||
| ELC | |b 1 | ||
| LOK | |0 000 xxxxxcx a22 zn 4500 | ||
| LOK | |0 001 2835285113 | ||
| LOK | |0 003 DE-627 | ||
| LOK | |0 004 117530610X | ||
| LOK | |0 005 20150313152336 | ||
| LOK | |0 008 150313||||||||||||||||ger||||||| | ||
| LOK | |0 040 |a DE-21 |c DE-627 |d DE-21 | ||
| LOK | |0 852 |a DE-21 | ||
| LOK | |0 852 1 |c Dk XI 4965 b |9 00 | ||
| LOK | |0 935 |a dika | ||
| LOK | |0 939 |a 13-03-15 |b l01 | ||
| LOK | |0 000 xxxxxcx a22 zn 4500 | ||
| LOK | |0 001 4196244610 | ||
| LOK | |0 003 DE-627 | ||
| LOK | |0 004 117530610X | ||
| LOK | |0 005 20221011150253 | ||
| LOK | |0 008 221011||||||||||||||||ger||||||| | ||
| LOK | |0 035 |a (DE-2619)k03001 | ||
| LOK | |0 040 |a DE-2619 |c DE-627 |d DE-2619 | ||
| LOK | |0 092 |o n | ||
| LOK | |0 541 |e Bestand Albert-Krebs-Bibliothek: 2002-121 | ||
| LOK | |0 852 |a DE-2619 | ||
| LOK | |0 852 1 |c NG.80.019 |m p |9 00 | ||
| LOK | |0 935 |a kreb | ||
| LOK | |0 938 |k p | ||
| LOK | |0 939 |a 11-10-22 |b l01 | ||
| ORI | |a SA-MARC-krimdoka001.raw | ||
| SIG | |a UB: Dk XI 4965 b | ||
